1241 1357 1089 1883 1198 1056 1523 1279 1298 1019 1172 1653 1022 1368 1707 1134 1726 1384 1550 1544 1471 1038 1728 1291 1095 1715 1330 1956 1112 1688 1526 1767 1314 1065 1417 1613 1209 1881 1970 1964 1483 1333 1045 1166 1613 1977 1678 1391 1894 1857 1066 1198 1122 1213 1252 1157 1855 1549 1779 1057 1571 1532 1778 1240 1379 1983 1568 1721 1261 1782 1109 1248 1429 1865 1513 1601 1958 1332 1054 1407 1671 1879 1571 1929 1532 1345 1650 1607 1391 1288 1394 1988 1021 1086 1893 1511 1883 1802 1989 BCNSPRNW ULIB Ver.6.0+V

เปลี่ยนเป็นภาษาไทย

Change to English
 แสดงรายละเอียดบรรณานุกรม
  กลับหน้าหลัก

Brief Record : Get Marc (ISO 2709) : E-mail record : QR code < ปิดหน้าต่าง
LEADER : 00000nam 2200000uu 4500
001    13399109341
003     ULIB
008    110329s2550||||th 000 0 tha d
020    9789749353639
050  4 BF637.S8^bช446q 2550
100 0  ชัยเสฏฐ์ พรหมศรี
245 10 Q ที่คุณควรมี /^cผู้เขียน ชัยเสฏฐ์ พรหมศรี
250    พิมพ์ครั้งที่ 2
260    กรุงเทพฯ :^bเอ็กซเปอร์เน็ท,^c2550
300    168 หน้า :^bภาพประกอบ ;^c21 ซม.
650  7 ความฉลาดทางอารมณ์
650  7 การจัดการตนเอง (จิตวิทยา)
650  7 อารมณ์
650  7 การปรับตัวทางสังคม
945    ^p160^l0^i029975
945    ^p160^l0^i029974
995    เกษร
999 ^a ใช้งานได้ทุกระบบ
รายการนี้ยังไม่มีแท็ก
คุณยังไม่ได้ล็อกอิน คุณสามารถมีกิจกรรมร่วมกับเว็บไซต์ได้ แต่ต้องล็อกอินก่อน ::
  ล็อกอิน

รายการสื่อสารสนเทศ

ลำดับที่ ประเภท เลขเรียก/บาร์โค้ด สถานที่ สถานะ
- ไม่พบข้อมูล -

รายการใกล้เคียง
    ผู้แต่ง [ชัยเสฏฐ์ พรหมศรี]

    หัวเรื่อง [ความฉลาดทางอารมณ์]
    หัวเรื่อง [การจัดการตนเอง (จิตวิทยา)]
    หัวเรื่อง [อารมณ์]
    หัวเรื่อง [การปรับตัวทางสังคม]

BibComment


ยังไม่เคยถูกคอมเมนท์

คอมเมนท์ทรัพยากรรายการนี้
  คอมเมนท์: Q ที่คุณควรมี ผู..


 Copyright 2026. Bcnsprnw @Library